Evaluation of the implementation of the free trade agreement between the EU and its Member States and the Republic of Korea Final report

Bibliographic Details
Format: eBook
Language:English
Published: Bruselas: European Union Publications Office, 2020
Subjects:
Online Access:Acceso restringido

MARC

LEADER 00000nam a22000007a 4500
005 20211229225144.0
007 cr|||| ||||
008 211229s2020 eu |||||s||||i00||0 eng d
020 |a 978-92-79-85999-1 
035 |a 34064 
040 |a vLex 
090 |c 12802  |d 12802 
245 0 0 |a Evaluation of the implementation of the free trade agreement between the EU and its Member States and the Republic of Korea  |h [Recurso electrn̤ico] :  |b Final report 
256 |a Servicio en ln̕ea 
260 |a Bruselas:  |b European Union Publications Office,  |c 2020 
300 |a 1 recurso electrn̤ico 
506 1 |a Disponible solo en los productos indicados  |d vLex Global  |d vLex Global (Academic Edition, excluding Law Schools)  |d vLex Global (U.S. Academic Edition, Law Schools)  |d vLex Global (U.S. Academic Edition, excluding Law Schools)  |d vLex Global (Academic Edition, Law Schools) 
650 0 4 |a Derecho Comunitario  |z Unin̤ Europea 
650 0 4 |a Derecho Internacional  |z Unin̤ Europea 
650 0 4 |a Economa̕ y negocios  |z Unin̤ Europea 
740 0 |a vLex Libros (Servicio en ln̕ea) 
856 4 0 |u https://app.vlex.com/#/sources/34064  |z Acceso restringido 
942 |c BOOK 
999 0 |a Community Law 
999 0 |a International Law 
999 0 |a Economy and business